How to become a Professional Teacher: (Record no. 25945)

MARC details
000 -LEADER
fixed length control field 00492nam a22001697a 4500
005 - DATE AND TIME OF LATEST TRANSACTION
control field 20230712142525.0
008 - FIXED-LENGTH DATA ELEMENTS--GENERAL INFORMATION
fixed length control field 230712b |||||||| |||| 00| 0 eng d
082 ## - DEWEY DECIMAL CLASSIFICATION NUMBER
Classification number 378.1
Item number SAG-H
100 ## - MAIN ENTRY--AUTHOR
Author Name Saghir Ahmad
245 ## - TITLE STATEMENT
Title How to become a Professional Teacher:
Remainder of title Saghir,Ahmad ; Sajjad,Haider
260 ## - PUBLICATION, DISTRIBUTION, ETC.
Place of Publication Pakistan
Name of publisher, distributor, etc. Learning Institution of Training & Enlightenment
Date of publication, distribution, etc. 2007
300 ## - PHYSICAL DESCRIPTION
Pages 226
500 ## - GENERAL NOTE
General note References are Given
650 ## - SUBJECT ADDED ENTRY--TOPICAL TERM
Subject / Department Management
700 ## - ADDED ENTRY--PERSONAL NAME
Personal name Saghir Ahmad
952 ## - LOCATION AND ITEM INFORMATION (KOHA)
-- 0
-- 0
952 ## - LOCATION AND ITEM INFORMATION (KOHA)
-- 0
-- 0
Holdings
Lost status Damaged status Permanent Location Current Location Shelving Location Date acquired Full Call Number Accession No./Barcode Date last seen Copy number item type
    Superior Information Resource Center (SIRC) Superior University- Main Campus Superior Information Resource Center (SIRC) Superior University- Main Campus Management 07/12/2023 378.1 SAG-H 2007 20066 07/12/2023 1 BOOK
    Superior Information Resource Center (SIRC) Superior University- Main Campus Superior Information Resource Center (SIRC) Superior University- Main Campus Management 07/12/2023 378.1 SAG-H 2007 20067 07/12/2023 2 BOOK

Powered by Koha